[Event "ICS rated blitz match"]
[Site "207.99.83.227"]
[Date "1999.04.05"]
[Round "?"]
[White "nimraz"]
[Black "Hossa"]
[Result "0-1"]
[WhiteElo "2174"]
[BlackElo "2496"]
[Annotator "Fritz 5.32 (15s)"]
[PlyCount "74"]

1. c4 e5 2. a3 Nf6 3. Qc2 (3. e3 d6 4. Nc3 g6 5. g3 Bg7 6. Bg2 Nc6 7. Nge2 Be6
8. Nd5 O-O 9. O-O Qd7 10. d3 Bh3 11. e4 Bxg2 12. Kxg2 Nxd5 13. cxd5 Nd4 14.
Nxd4 exd4 15. Qb3 a5 16. a4 c5 17. Bd2 f5 18. f3 b5 19. Qxb5 Qxb5 20. axb5 Rfb8
21. Bf4 Bf8 22. Ra3 Rxb5 23. Bc1 Be7 24. Rf2 Rab8 25. Rc2 Bd8 26. Kf2 Rb3 27.
Rxb3 Rxb3 28. Ke2 Kf7 29. Rc4 h5 30. Kd2 fxe4 31. fxe4 g5 32. Kc2 Rb5 33. Bd2
Kg6 34. Bc1 Bc7 35. Ra4 Bd8 36. b3 Rb7 37. Bd2 37... Rf7 {
Voloshin,L-Pribyl,M/Ekorex Cup B, Lazne Bohdanec CZE (2) 1996/1-0 (62)}) 3...
Nc6 4. e3 4... Be7 $146 (4... g6 5. b4 Bg7 6. Bb2 d6 7. Nc3 (7. b5 Ne7 8. Nf3
O-O 9. Nc3 a6 10. d3 axb5 11. Nxb5 b6 12. Be2 Bb7 13. O-O e4 14. Nd2 exd3 15.
Bxd3 Re8 16. Rae1 Nc6 17. f4 Qd7 18. e4 Re7 19. f5 Ne5 20. fxg6 hxg6 21. Re3
21... Rae8 {Patrat,J-Bauer,C/Open, Bethune FRA 1997/0-1 (53)}) 7... O-O 8. d3
a5 9. b5 Ne7 10. Nf3 Nd7 11. Be2 Nc5 12. O-O b6 13. Rad1 Ne6 14. Nd2 Rb8 15.
Rfe1 f5 16. Nd5 f4 17. Nxe7+ Qxe7 18. Bf3 fxe3 19. fxe3 {
Miles,A-Sosonko,G/Tilburg 1987/1-0 (37)} (19. fxe3 Ng5 20. Bd5+ Kh8 21. Rf1 Bg4
22. Rxf8+ Rxf8 23. Rf1 Be2 24. Rxf8+ Qxf8 25. h4 Nf7 26. Ne4 Bg4 27. Qf2 Nh6
28. Qxf8+ Bxf8 29. Nf6 Bc8 30. Ne8 Ng4 31. Nxc7 Be7 32. d4 Bxh4 33. dxe5 dxe5
34. c5 Bf2+ 35. Kf1 Bxe3 36. c6 Bc5 37. Be6 {
1-0 Miles Anthony-Sosonko Genna/Tilburg 1984 (37)})) (4... a5 5. Nc3 Bc5 6. Nf3
O-O 7. Bd3 Re8 8. b3 Bf8 9. Bb2 g6 10. h4 d5 11. cxd5 Nxd5 12. Nxd5 Qxd5 13. h5
Bg7 14. hxg6 hxg6 15. Bc4 Qd6 16. Ng5 Nd8 17. Rh7 Ne6 18. Nxf7 Kxf7 19. f4 {
Schmittdiel Eckhard-Kleinegger Frank/It (open), Dortmund (Germany) 1993/1-0(31)
}) 5. Nc3 O-O 6. Nf3 d6 7. Ng5 (7. d4 exd4 8. exd4 8... Bg4 $11) 7... h6 8. h4
Bg4 ({Jedoch nicht} 8... hxg5 9. hxg5 g6 10. gxf6 Bxf6 11. d3 $14) 9. Nd5 {
Es droht Matt} 9... hxg5 $16 (9... g6 $5 $142 {muss geprueft werden} 10. Nf3
10... a6 $11) 10. hxg5 $11 (10. Nxf6+ $5 $142 10... Bxf6 11. hxg5 $16) 10...
Nh5 11. Be2 $2 $19 {Weiss muss dringend die Entwicklung vorantreiben.} (11. Qe4
$142 {und Weiss spielt mit} 11... Qd7 12. f3 $15) 11... Bxe2 12. Kxe2 g6 13. g4
Ng7 14. Qd1 Bxg5 15. Qg1 f5 (15... e4 16. Qg2 $19) 16. gxf5 Rxf5 17. Qh2 (17.
d3 17... Rb8 $19) 17... Nh5 18. d3 Qd7 19. Bd2 (19. Qg2 Raf8 20. Ke1 20... e4
$19) 19... Raf8 20. Raf1 Nf6 (20... Re8 $5 21. Rfg1 $19) 21. Qh8+ (21. Nxc7
Qxc7 22. Qh8+ Kf7 23. Rh7+ Ke6 24. Qxf6+ Bxf6 (24... Kxf6 25. Rxc7 Rf7 26.
Rxf7+ Kxf7 27. e4 Nd4+ 28. Kd1 Bxd2 29. exf5 $15) (24... R5xf6 $6 25. Rxc7 Bh4
26. f3 $19) 25. Rxc7 Rf7 26. Rxf7 26... Kxf7 $19) 21... Kf7 22. Nxf6 Bxf6 (
22... Rxf6 23. Rh7+ Ke8 24. Rxd7 Rxh8 25. Rxc7 $19) 23. Rh7+ Ke6 24. Qxf8 {
Droht Matt} 24... Qxh7 25. Qc8+ Qd7 26. Qxb7 26... Ke7 $17 (26... a5 27. b3 $19
) 27. b4 Ke8 28. b5 Ne7 29. Qxa7 Nc8 30. Qa8 Bd8 31. a4 $17 (31. e4 31... Rf8
$17) 31... Nb6 32. Qa7 32... Qf7 $15 (32... e4 33. dxe4 Rh5 34. c5 Qg4+ 35. Ke1
$19) 33. a5 $17 (33. e4 $5 {ist bedenkenswert} 33... Rh5 34. Rg1 $17) 33...
Nxc4 34. dxc4 Qxc4+ 35. Ke1 Qxb5 (35... e4 36. Qd4 Qxd4 37. exd4 Rxb5 38. f3
$17) 36. a6 e4 37. Qd4 Qxa6 (37... Qxa6 38. Qxe4+ 38... Kf7 $19) 0-1

[Event "ICS rated blitz match"]
[Site "207.99.83.227"]
[Date "1999.04.05"]
[Round "?"]
[White "Hossa"]
[Black "joasia"]
[Result "1-0"]
[WhiteElo "2500"]
[BlackElo "2140"]
[Annotator "Fritz 5.32 (15s)"]
[PlyCount "137"]

1. e4 c5 2. Bc4 e6 3. Nc3 Nc6 4. Nf3 a6 5. d4 (5. a4 Qc7 (5... d6 6. O-O Nf6 7.
d3 h6 8. Bf4 Bd7 9. Qd2 Nd4 10. Nxd4 cxd4 11. Ne2 e5 12. Bg3 Be7 13. f4 Nh5 14.
fxe5 O-O 15. exd6 Bg5 16. Qe1 Nxg3 17. Qxg3 Be3+ 18. Kh1 Rc8 19. Nf4 Rc5 20.
Nd5 {Jouault,L-Mikurenda,A/open, St Heliers JER 1997/1-0 (50)}) 6. O-O Nf6 7.
Re1 d6 8. d3 Be7 9. Ba2 O-O 10. Ne2 b5 11. c3 Bb7 12. Nf4 Ne5 13. Ng5 d5 14.
Ngxe6 fxe6 15. Nxe6 Qd6 16. Nxf8 Rxf8 17. f4 Nxd3 18. Qxd3 c4 19. e5 19... Qc5+
{Xheladini,M-Kellenberger,S/Bern op 1994/0-1 (38)}) 5... cxd4 6. Nxd4 6... Nf6
$146 (6... Qc7 7. Nxc6 Qxc6 8. Qe2 b5 9. Bd5 {
1-0 Karlstrom-Simmens/Sweden 1967 (9)}) 7. Nxc6 bxc6 8. O-O d5 9. exd5 cxd5 10.
Bb3 Be7 11. Ba4+ Bd7 12. Bxd7+ Qxd7 13. Qe2 O-O 14. Bf4 Bd6 15. Be5 Bxe5 16.
Qxe5 Rab8 17. Rab1 Rfc8 18. Rfe1 Qc7 19. Qe2 Qc4 20. Qxc4 Rxc4 21. Rec1 h6 22.
g3 Kf8 23. h4 Ke7 24. Kg2 Rcb4 25. Nd1 Ne4 26. c3 R4b7 27. Rc2 Nc5 28. Rd2 a5
29. f3 {Staerkt e4} 29... Kd6 (29... Nd7 30. Ne3 $15) 30. Ne3 (30. c4 30... Kc6
$11) 30... Ke7 (30... Kc6 31. b3 $15) 31. b3 {Befestigt a4} (31. Nd1 31... a4
$11) 31... a4 32. b4 Nd7 33. Rd4 $15 (33. Re1 33... Kf8 $11) 33... Ne5 $11 (
33... Nb6 34. Rg4 $15) 34. Re1 Nc6 35. Rf4 Kf8 36. Ng4 Re7 37. Ne5 $15 (37. a3
37... Ke8 $11) 37... Nxe5 38. Rxe5 Rc8 39. b5 39... Rxc3 $11 (39... a3 $5 $15 {
kam sehr in Betracht}) 40. Rxa4 Rb7 41. Ra5 Ke7 42. a4 Kd6 43. Re2 d4 44. Ra6+
Kc5 45. f4 d3 46. Ra2 $15 (46. Re5+ 46... Kc4 $11) 46... Rc2+ 47. Rxc2+ dxc2
48. Rc6+ 48... Kb4 {Der schwarze Koenig wird gefaehrlich} 49. Rxc2 Kxa4 50. b6
Ka5 ({Schlechter scheint} 50... Rxb6 51. Rc7 $14) 51. Rb2 51... Rxb6 $14 (51...
Ka6 $5 $15 $142 {ist vielleicht staerker}) 52. Ra2+ Kb5 53. Ra7 53... e5 $16 (
53... Kc6 54. Rxf7 Rb7 55. Rxb7 Kxb7 56. Kf3 $14) 54. fxe5 Re6 (54... f6 55.
exf6 gxf6 56. Kf3 $16) 55. Rxf7 55... g5 $18 (55... Kc5 56. Rxg7 Kd4 57. g4 $18
) 56. Rf5 $16 (56. hxg5 $5 56... hxg5 57. Kf3 57... Rxe5 $18) 56... gxh4 57.
gxh4 Kc6 (57... Kc5 58. Kf3 $16) 58. Kg3 (58. Kf3 Kd5 59. Kf4 59... Rc6 $18)
58... Kd5 59. Kf4 59... Kc6 $2 (59... Re8 $18 $142) 60. Rf6 Kd5 61. Rxe6 Kxe6
62. Ke4 h5 63. Kf4 Ke7 64. Kg5 Ke6 65. Kxh5 Kxe5 66. Kg6 Ke6 67. h5 Ke7 68. h6
Kf8 69. h7 {Droht Matt: h8Q} (69. h7 Ke7 70. h8=Q Kd6 71. Qc3 Kd7 72. Qc5 Ke6
73. Qd4 Ke7 74. Qd5 Ke8 75. Kf6 Kf8 76. Qf7#) 1-0

[Event "ICS rated blitz match"]
[Site "207.99.83.227"]
[Date "1999.04.05"]
[Round "?"]
[White "joasia"]
[Black "Hossa"]
[Result "0-1"]
[WhiteElo "2136"]
[BlackElo "2504"]
[Annotator "Fritz 5.32 (15s)"]
[PlyCount "42"]

1. d4 Nf6 2. Nf3 e6 3. g3 Be7 4. Bg2 O-O 5. O-O d5 6. c4 dxc4 7. a4 c5 (7...
Bd7 8. Qc2 a6 9. Qxc4 Bc6 10. Bg5 Nbd7 11. Nc3 h6 12. Bxf6 Nxf6 13. b4 Bd5 14.
Nxd5 exd5 15. Qb3 c6 16. Rfc1 Qb6 17. Rab1 Rfe8 18. e3 Rac8 19. Ne5 Bd6 20. Nd3
Ne4 21. Rc2 Ng5 22. b5 {
Beliavsky,A-Dautov,R/CC Ordix, Frankfurt GER 1997/1-0 (43)}) 8. Nc3 $17 (8. Na3
cxd4 9. Nxc4 Nc6 10. Nce5 Nxe5 11. Nxe5 Ne8 12. f4 f6 13. Nd3 Nd6 14. Qb3 Qb6
15. Qxb6 axb6 16. b3 Rd8 17. Ba3 Nf5 18. Bxe7 Nxe7 19. Rfc1 Nd5 20. Bf3 Kf8 21.
Rab1 Nc3 22. Rb2 22... Re8 {Uriarte,G-Cuadras,J/San Sebastian op 1994/0-1 (48)}
) (8. dxc5 $5 {sieht spielbar aus} 8... Bxc5 9. Nbd2 $15) 8... cxd4 9. Nxd4 Bc5
(9... e5 10. Nf3 Nc6 11. Qc2 $17) 10. e3 (10. Nf3 10... Nc6 $17) 10... e5 11.
Nf3 Nc6 12. Re1 Be6 (12... Bg4 13. h3 Bh5 14. g4 $17) 13. Qe2 $19 (13. Nd2
13... Bb4 $17) 13... Qd3 14. Bf1 Rad8 15. Nb5 (15. Ng5 $5 15... Bg4 16. f3
16... Bc8 $17) 15... Qxe2 (15... Bb4 16. Qxd3 cxd3 17. Bd2 $19) 16. Bxe2 Bg4
17. Kg2 (17. Nc3 17... Rfe8 $19) 17... Bb4 18. Rd1 $2 (18. Nc3 $19) 18... e4
19. Rxd8 exf3+ (19... Bxf3+ {waere im Gewinnsinne praeziser} 20. Bxf3 exf3+ 21.
Kxf3 Rxd8 22. Ke2 $19) 20. Bxf3 20... Bxf3+ $1 {zwingend und schoen} ({Nicht} 
20... Nxd8 21. Bxg4 Nxg4 22. Nxa7 $19) 21. Kxf3 Rxd8 (21... Rxd8 22. Ke2 22...
a6 $19) ({Jedoch nicht} 21... Nxd8 22. Nxa7 Ne6 23. Nb5 $19) 0-1

[Event "ICS rated blitz match"]
[Site "207.99.83.227"]
[Date "1999.04.05"]
[Round "?"]
[White "dentist"]
[Black "Hossa"]
[Result "0-1"]
[WhiteElo "2211"]
[BlackElo "2507"]
[Annotator "Fritz 5.32 (15s)"]
[PlyCount "46"]

1. e4 c5 2. Nf3 Nc6 3. d4 cxd4 4. Nxd4 Qb6 5. Nb3 Nf6 6. Be3 (6. Bd3 d5 (6...
e6 7. O-O Be7 8. c4 d6 9. Nc3 Qc7 10. Bf4 b6 11. Rc1 Qd7 12. Qe2 Bb7 13. Rfd1
e5 14. Be3 Ng4 15. Bd2 Nd4 16. Nxd4 exd4 17. Nb5 O-O 18. Nxd4 Bh4 19. Nf5 Nxf2
20. Nxh4 Nxd1 21. Rxd1 Rae8 22. Nf5 f6 23. Bb4 Re6 24. Bc2 Rd8 25. Nxd6 Qe7 26.
c5 bxc5 27. Nxb7 Rxd1+ 28. Qxd1 cxb4 29. Bb3 {
1-0 Rechlis,G-Maryasin,B/Israel 1st League JER-ASH b1, ISR (2) 1997 (29)}) 7.
exd5 Nxd5 8. O-O e5 9. c4 Ndb4 10. Be3 Qd8 11. Be4 Qxd1 12. Rxd1 f5 13. Bxc6+
bxc6 14. Na3 Na6 15. Na5 Bd7 16. Nc2 f4 17. Bd2 O-O-O 18. Bc3 Re8 19. Rd2 Kc7
20. b4 20... e4 {Sax,G-Andonov,B/Warsaw zt-A 1987/ - (32)}) 6... Qb4+ 7. c3
$146 {Deckt d4} (7. N1d2 Nxe4 8. c3 8... Qa4 $15) 7... Qxe4 8. Be2 $19 (8. Nc5
$5 $142 8... Qg6 9. Na3 $17) 8... Qxg2 9. Bf3 Qh3 10. N1d2 d5 11. Nd4 Nxd4 (
11... Bg4 12. Rg1 h5 13. Bf4 $19) 12. Bxd4 Qe6+ 13. Be3 Qc6 14. Qb3 (14. c4
14... e5 $19) 14... e6 (14... e5 15. c4 Be6 16. Bg2 $19) 15. O-O-O (15. c4
15... b6 $19) 15... Bc5 (15... e5 16. Rhg1 $19) 16. Rhg1 16... O-O {
Schwarz fuehrt die Partie kraftvoll zu Ende} (16... Bxe3 17. fxe3 Rg8 18. Bh1
$19) 17. Bh6 Ne8 18. Rg2 Kh8 19. Bf4 Bd7 20. Rdg1 Qa6 21. h4 $4 {
damit ist die Partie vorbei} (21. c4 $19) 21... Ba4 22. Be5 (22. Be3 {
lenkt den Gegner vielleicht noch ab} 22... Bd6 23. Be2 $19) 22... Bxb3 23. Rxg7
(23. Nxb3 {nuetzt auch nichts mehr} 23... Bd6 24. Bxd6 24... Nxd6 $19) 23... f6
$1 {glaenzend gespielt} (23... f6 24. Bxf6 Nxf6 (24... Bxf2 $4 {
Schwarz schlaegt einen vergifteten Bauern} 25. Rg8#) (24... Bxa2 $4 {
das Schlagen des Bauern ist schlecht} 25. Rg8#) (24... Qxa2 $4 {vergiftet...}
25. Rg8#) 25. axb3 25... Bxf2 $19) (23... Qxa2 $4 {
der Bauer ist nicht zu nehmen} 24. Rg8#) 0-1

[Event "ICS rated blitz match"]
[Site "207.99.83.227"]
[Date "1999.04.05"]
[Round "?"]
[White "Hossa"]
[Black "cordewit"]
[Result "1-0"]
[WhiteElo "2512"]
[BlackElo "2167"]
[Annotator "Fritz 5.32 (15s)"]
[PlyCount "57"]

1. e4 e5 2. Nf3 Nc6 3. Bc4 Nf6 4. Ng5 d5 5. exd5 Nd4 6. d6 Qxd6 7. Nxf7 (7.
Bxf7+ Ke7 8. c3 h6 9. cxd4 hxg5 10. Bc4 exd4 11. Qe2+ (11. b3 Bg4 12. f3 Re8
13. fxg4 Kd8+ 14. Kf1 14... Rxh2 {0-1 St_Amour,P-Ang,R/IECG 1997 (14)}) 11...
Kd8 12. g3 Bh3 13. d3 Kd7 14. Nd2 Re8 15. Ne4 Nxe4 16. dxe4 Bg2 17. Qg4+ Kc6
18. Qxg5 Rxe4+ 19. Kd1 Bf3+ 20. Kc2 Rh5 21. Bf4 Rxg5 22. Bxd6 Bxd6 23. Rhc1 Kd7
24. a3 b5 25. Bd3 Re7 26. a4 a6 27. axb5 axb5 28. Ra5 Rc5+ 29. Kd2 29... Rxc1 {
0-1 Makway,K-Castro,O/Moscow olm 1994 (29)}) 7... Qc5 $4 $18 {
vergibt den Vorteil} (7... Qc6 8. Bb5 Nxb5 9. Nxe5 Qe4+ 10. Qe2 Nd4 11. Qxe4
11... Nxe4 $19) 8. Nxh8 {Weiss erhaelt starke Initiative} 8... Qxc4 9. c3 Nc6
10. Qb3 Qxb3 11. axb3 11... Bf5 $16 (11... g6 $5 $14 {bedarf naeherer Analyse})
12. O-O $14 (12. b4 $5 $16) 12... g6 13. f4 exf4 14. Re1+ 14... Be7 $16 (14...
Ne7 $5 15. d4 15... g5 $14) 15. d4 Kf8 16. Bxf4 Kg7 17. b4 17... Rxh8 $2 $18 (
17... Bd6 $142 18. Bxd6 18... cxd6 $16) 18. b5 $1 {macht alles klar} (18. Bxc7
$6 18... a6 $14) 18... Nd5 (18... Nxd4 19. cxd4 Kf7 20. Rxa7 $18) 19. bxc6 bxc6
(19... Bf6 {waere gleichermassen fruchtlos} 20. Be5 (20. Rxa7 $6 20... Nxf4 21.
cxb7 21... Rb8 $18) (20. cxb7 $6 20... Nxf4 21. Rxa7 21... Rb8 $18) 20... bxc6
21. Rxa7 Bxe5 22. dxe5 $18 (22. Rxe5 $6 22... Bxb1 23. c4 23... Nb4 $16)) 20.
Rxe7+ $1 {und der Wal spuckt Jonas wieder aus} 20... Nxe7 21. Be5+ Kg8 22. Rxa7
h5 23. Bxh8 Kxh8 24. Nd2 (24. Rxc7 $6 24... Nd5 25. Rxc6 25... Bxb1 $18) 24...
Nd5 (24... Kg7 {aendert nichts am Ausgang der Partie} 25. Rxc7 Kf6 26. Nf3 $18)
25. Nf3 Kg7 26. c4 Ne3 (26... Nb4 {hilft allerdings auch nicht} 27. Rxc7+ Kf6
28. Ne5 $18) 27. Rxc7+ Kh6 (27... Kf8 {aendert nichts mehr} 28. Rxc6 Ke7 29.
Ne5 $18) 28. h4 $1 {triumphiert. Droht Matt} 28... Be4 (28... g5 {
ist der letzte Strohhalm} 29. hxg5+ Kg6 30. Rxc6+ 30... Kf7 $18) 29. Ng5 $1 {
ganz unerschrocken} (29. Ng5 Bxg2 30. Rh7#) 1-0

[Event "ICS rated blitz match"]
[Site "207.99.83.227"]
[Date "1999.04.05"]
[Round "?"]
[White "cordewit"]
[Black "Hossa"]
[Result "0-1"]
[WhiteElo "2163"]
[BlackElo "2516"]
[Annotator "Fritz 5.32 (15s)"]
[PlyCount "48"]

1. e4 e5 2. Nf3 Nc6 3. Bc4 Bc5 4. d3 Nf6 5. c3 d6 6. h3 O-O (6... a6 7. O-O O-O
8. Bb3 Ba7 9. Re1 Ne7 10. Nbd2 Ng6 11. Nf1 Nh5 12. d4 Nhf4 13. Ne3 c6 14. dxe5
Nxe5 15. Bc2 Qf6 16. Nf5 Nfg6 17. Nxe5 dxe5 18. Qg4 h6 19. Be3 Bxe3 20. Rxe3
Qg5 21. Qxg5 {Brigljevic,M-Vrkljan,I/Sisak CRO 1998/1-0 (63)}) 7. b4 Bb6 8. a4
$146 (8. O-O Be6 9. Nbd2 Re8 10. a4 a6 11. Bxe6 fxe6 12. Re1 Ne7 13. Qb3 Ng6
14. d4 exd4 15. cxd4 Kh8 16. Bb2 h6 17. Rac1 Rc8 18. Nc4 Ba7 19. Na5 Rb8 20.
Qc2 Ne7 21. Qxc7 Qxc7 22. Rxc7 22... Bb6 {
Farhat Barbara-Petrovich Irina/Ch World cadets unde (7) 1996/ - (57)}) 8... a6
{Sichert b5} 9. Ba3 (9. O-O Be6 10. Bxe6 10... fxe6 $11) 9... Be6 (9... Re8 10.
Ng5 Re7 11. O-O $11) 10. Nbd2 (10. Bxe6 fxe6 11. Nbd2 11... Qd7 $11) 10... d5
11. exd5 Nxd5 12. Bxd5 (12. b5 12... Nce7 $14) 12... Bxd5 (12... Qxd5 13. a5
Ba7 14. b5 axb5 15. Bxf8 Rxf8 16. Qe2 $11) 13. b5 {Raumvorteil} 13... Ne7 {
Schwarz entwickelt eine toedliche Initiative} 14. O-O axb5 15. Nxe5 $15 (15.
axb5 $5 15... f6 16. Nc4 $11) 15... Rxa4 {Hier steht der schwarze Turm gut.
Schwarz entwickelt Drohungen in der offenen a-Linie} 16. c4 $17 (16. Re1 $5 $15
) 16... Bd4 17. cxd5 $2 $19 (17. Bxe7 $142 17... Qxe7 18. Rxa4 bxa4 19. Nef3
Bxf3 20. Nxf3 $15) 17... Bxa1 $1 {ist die Ueberraschung!} (17... Bxe5 $6 18.
Bxe7 Rxa1 19. Qxa1 Qxe7 20. Qa7 $17) 18. Qxa1 b4 (18... Qxd5 $6 19. Qc3 Rxa3
20. Qxa3 Qxe5 21. Nf3 $19) (18... Nxd5 $6 19. Qc1 Re8 20. Bb2 $19) 19. Qd4 Rxa3
20. Qxb4 Ra7 21. Qd4 (21. Ne4 Nxd5 22. Qd4 22... Nb6 $19) 21... Ra2 22. Ne4
Qxd5 23. Nf6+ (23. Qc3 c6 24. Nf6+ gxf6 25. Ng4 $19) 23... gxf6 24. Qg4+ Kh8 (
24... Kh8 25. Nf3 25... Qxd3 $19) 0-1

[Event "ICS rated blitz match"]
[Site "207.99.83.227"]
[Date "1999.04.05"]
[Round "?"]
[White "Hossa"]
[Black "Nils"]
[Result "1-0"]
[WhiteElo "2520"]
[BlackElo "2162"]
[Annotator "Fritz 5.32 (15s)"]
[PlyCount "35"]

1. e4 c5 2. Bc4 e6 3. Nc3 Nc6 4. Nf3 a6 5. d4 (5. a4 Qc7 (5... d6 6. O-O Nf6 7.
d3 h6 8. Bf4 Bd7 9. Qd2 Nd4 10. Nxd4 cxd4 11. Ne2 e5 12. Bg3 Be7 13. f4 Nh5 14.
fxe5 O-O 15. exd6 Bg5 16. Qe1 Nxg3 17. Qxg3 Be3+ 18. Kh1 Rc8 19. Nf4 Rc5 20.
Nd5 {Jouault,L-Mikurenda,A/open, St Heliers JER 1997/1-0 (50)}) 6. O-O Nf6 7.
Re1 d6 8. d3 Be7 9. Ba2 O-O 10. Ne2 b5 11. c3 Bb7 12. Nf4 Ne5 13. Ng5 d5 14.
Ngxe6 fxe6 15. Nxe6 Qd6 16. Nxf8 Rxf8 17. f4 Nxd3 18. Qxd3 c4 19. e5 19... Qc5+
{Xheladini,M-Kellenberger,S/Bern op 1994/0-1 (38)}) 5... cxd4 6. Nxd4 Qc7 7.
O-O $146 (7. Nxc6 Qxc6 8. Qe2 b5 9. Bd5 {1-0 Karlstrom-Simmens/Sweden 1967 (9)}
) 7... b5 8. Bb3 Bb7 9. a4 $15 (9. Nxc6 Bxc6 10. Qd4 10... b4 $11) 9... b4 10.
Nce2 10... a5 $14 (10... Na5 $142 11. f3 11... Bd6 $17) 11. Bf4 Qb6 12. Nb5 {
Der Springer steht aktiv} 12... Rc8 {Schwarz hat Entwicklungsnachteil.} 13. Bd6
Nf6 14. Ng3 14... g6 $16 {Kontrolliert f5+h5} (14... h5 15. Bxf8 15... Kxf8 $11
) 15. e5 Ng8 16. Ne4 16... f5 $2 $18 (16... Nd4 $142 17. Bxf8 $1 {
Weiss kommt in Vorteil} 17... Kxf8 $16) 17. exf6 Kf7 (17... Nd4 {
bot noch bessere Widerstandsmoeglichkeiten} 18. f7+ 18... Kxf7 $18) 18. Bxf8 (
18. Bxf8 Nd4 19. Bxb4 Bxe4 20. Nd6+ (20. Qxd4 $6 {waere ein Fehlgriff} 20...
Qxd4 21. Nxd4 21... axb4 $18) (20. Nxd4 $6 {scheitert an} 20... Qxb4 21. Nb5
21... d5 $18) 20... Kxf6 21. Nxe4+ Kg7 22. Bxa5 $18) 1-0

[Event "ICS rated blitz match"]
[Site "207.99.83.227"]
[Date "1999.04.05"]
[Round "?"]
[White "Nils"]
[Black "Hossa"]
[Result "0-1"]
[WhiteElo "2152"]
[BlackElo "2524"]
[Annotator "Fritz 5.32 (15s)"]
[PlyCount "15"]

1. e4 d6 2. Bc4 Nf6 3. Nc3 Nc6 (3... c6 4. Bb3 (4. Nf3 b5 5. Bd3 e5 6. a3 a5 7.
Bf1 Bb7 8. d4 Qc7 9. Bg5 Be7 10. Qd2 b4 11. axb4 axb4 12. Rxa8 Bxa8 13. Nd1
Nxe4 14. Qe3 Nxg5 15. Nxg5 exd4 16. Qxd4 16... Bxg5 {
0-1 Antti,P-Tauno,T/Helsinki We HSK 1996 (16)}) 4... e5 5. d4 Be7 6. Nf3 Nbd7
7. O-O O-O 8. h3 exd4 9. Nxd4 Nc5 10. Re1 Nxb3 11. axb3 Re8 12. f4 Bf8 13. Qf3
a6 14. Be3 Qc7 15. Bf2 b5 16. e5 dxe5 17. fxe5 Nd5 18. Ndxb5 cxb5 19. Nxd5 Qb7
20. Rad1 Rb8 21. Rd3 Re6 22. Rc3 Qd7 23. Rd1 Qe8 24. Nc7 Qe7 25. Nxe6 Bxe6 26.
Rc6 a5 27. Ra6 Qc7 28. Qc3 Qb7 29. Qc6 Qe7 30. Ra8 Rxa8 31. Qxa8 Bf5 32. Rd8
Bd7 33. Qb8 Bc6 34. Qd6 Qxd6 35. exd6 {
1-0 Kiss,L-Borsos,B/HUN-chT 9394 1994 (35)}) 4. d3 e5 5. f4 $146 (5. Nge2 Na5
6. Bb3 Nxb3 7. axb3 Be7 8. O-O O-O 9. f4 exf4 10. Nxf4 c6 11. Kh1 d5 12. exd5
cxd5 13. Nh5 Be6 14. Nxf6+ Bxf6 15. Bf4 a6 16. Qh5 Rc8 17. Rae1 g6 18. Qe2 Bh4
19. Rc1 19... Re8 {Bonsch,U-Vogt,L/Potsdam ch-DDR 1974/ - (41)}) 5... Bg4 6.
Nf3 6... Bxf3 $14 (6... exf4 7. Bxf4 Na5 8. Bb3 $11) 7. Qxf3 ({
Schlechter scheint} 7. gxf3 7... Nh5 8. fxe5 Qh4+ 9. Kd2 9... dxe5 $15) 7...
Be7 8. O-O 0-1

[Event "ICS rated blitz match"]
[Site "207.99.83.227"]
[Date "1999.04.05"]
[Round "?"]
[White "Hossa"]
[Black "brutus"]
[Result "1-0"]
[WhiteElo "2527"]
[BlackElo "2140"]
[PlyCount "43"]

1. e4 e6 2. Nf3 d5 3. exd5 exd5 4. d4 Bd6 5. Bb5+ c6 6. Bd3 Ne7 7. O-O Bg4 8.
Nbd2 Nd7 9. Re1 Nf6 10. c4 O-O 11. c5 Bc7 12. Nf1 Ng6 13. Ne3 Bxf3 14. Qxf3 Re8
15. Bxg6 hxg6 16. Nc2 Rxe1+ 17. Nxe1 Ne4 18. Qh3 Qf6 19. Nf3 Re8 20. Be3 Bf4
21. Qd7 Re7 22. Qd8+ {brutus resigns} 1-0

[Event "ICS rated blitz match"]
[Site "207.99.83.227"]
[Date "1999.04.05"]
[Round "?"]
[White "Hossa"]
[Black "JUNIORE"]
[Result "1-0"]
[WhiteElo "2530"]
[BlackElo "2150"]
[PlyCount "45"]

1. e4 c5 2. Bc4 Nc6 3. f4 e6 4. Nc3 Nge7 5. Nge2 g6 6. e5 Bg7 7. Ne4 b6 8. Nd6+
Kf8 9. d4 Nf5 10. dxc5 bxc5 11. O-O Nxd6 12. Qxd6+ Qe7 13. Qxe7+ Kxe7 14. Be3
d6 15. exd6+ Kxd6 16. Rad1+ Kc7 17. Bxc5 Bb7 18. c3 Rad8 19. Ng3 Na5 20. Bb5
Rxd1 21. Rxd1 Rd8 22. Rxd8 Kxd8 23. Bxa7 {JUNIORE resigns} 1-0

[Event "ICS rated blitz match"]
[Site "207.99.83.227"]
[Date "1999.04.05"]
[Round "?"]
[White "KOFF"]
[Black "Hossa"]
[Result "0-1"]
[WhiteElo "2269"]
[BlackElo "2533"]
[PlyCount "46"]

1. e4 d6 2. d4 Nf6 3. Nc3 g6 4. Nf3 Bg7 5. Be2 O-O 6. O-O Bg4 7. h3 Bxf3 8.
Bxf3 e5 9. dxe5 dxe5 10. Qxd8 Rxd8 11. Bg5 c6 12. Rad1 Na6 13. a3 Nc7 14. Be2
Ne6 15. Bxf6 Bxf6 16. Rxd8+ Rxd8 17. Rd1 Rxd1+ 18. Bxd1 Bg5 19. Ne2 Nc5 20. f3
Na4 21. b3 Nb2 22. f4 exf4 23. Nc3 23... Bf6 {KOFF resigns} 0-1

[Event "ICS rated blitz match"]
[Site "207.99.83.227"]
[Date "1999.04.05"]
[Round "?"]
[White "Hossa"]
[Black "KOFF"]
[Result "1-0"]
[WhiteElo "2539"]
[BlackElo "2263"]
[PlyCount "83"]

1. e4 e5 2. Nf3 Nc6 3. Bc4 Nf6 4. Ng5 d5 5. exd5 Na5 6. Bb5+ c6 7. dxc6 bxc6 8.
Qf3 Qc7 9. Nc3 h6 10. Nge4 Nxe4 11. Qxe4 Bb7 12. Ba4 O-O-O 13. b4 c5 14. Qg4+
Kb8 15. bxa5 Rd4 16. Qg3 Qxa5 17. Qxe5+ Bd6 18. Qxg7 Rd8 19. Bb5 a6 20. Bf1
Re8+ 21. Be2 Be5 22. Qxf7 Rdd8 23. Rb1 Bc7 24. Qf3 Bb6 25. Qf6 Ka7 26. f3 c4
27. Qxh6 Qc5 28. Nd1 Rd6 29. Qh4 Rde6 30. Ne3 c3 31. Kd1 cxd2 32. Bxd2 Rxe3 33.
Bxe3 Qxe3 34. Re1 Rd8+ 35. Qxd8 Bxd8 36. Rxb7+ Ka8 37. Bd3 Qd4 38. Rb3 Bg5 39.
g3 Be3 40. Rxe3 Qxe3 41. Be4+ Ka7 42. Rxe3 {KOFF resigns} 1-0